Tổng tập Văn học Dân gian Các dân tộc thiểu số Việt Nam

Sách tập hợp những câu tục ngữ có cách nói hay, có sức khái quát lớn lại thể hiện được lối nghĩ của từng tộc người và được trình bày dưới hình thức song ngữ. Trình bày quan niệm về các giá trị, nhận định về các tương quan và kin...

Full description

Saved in:
Bibliographic Details
Corporate Author: Viện Khoa học Xã hội Việt Nam
Format: Book
Language:Undetermined
Published: Hà Nội Khoa học Xã hội 2009
Subjects:
Tags: Add Tag
No Tags, Be the first to tag this record!
Institutions: Trung tâm Học liệu Trường Đại học Cần Thơ
LEADER 01154nam a2200217Ia 4500
001 CTU_159283
008 210402s9999 xx 000 0 und d
082 |a 398.209597 
082 |b T455/T.16 
110 |a Viện Khoa học Xã hội Việt Nam 
245 0 |a Tổng tập Văn học Dân gian 
245 0 |b Các dân tộc thiểu số Việt Nam 
245 0 |c Nguyễn Thị Yên, Trần Thị An (Chủ biên) 
260 |a Hà Nội 
260 |b Khoa học Xã hội 
260 |c 2009 
520 |a Sách tập hợp những câu tục ngữ có cách nói hay, có sức khái quát lớn lại thể hiện được lối nghĩ của từng tộc người và được trình bày dưới hình thức song ngữ. Trình bày quan niệm về các giá trị, nhận định về các tương quan và kinh nghiệm ứng xử. 
650 |a Folk literature, vietnamese,Văn học dân gian, Việt Nam,Dân tộc 
650 |z Vietnam 
904 |i Thùy, Năm 
980 |a Trung tâm Học liệu Trường Đại học Cần Thơ